Statistics for European countries with the most Farmland

Click here to take the quiz!

General Stats

  • This quiz has been taken 71 times
  • The average score is 9 of 10

Answer Stats

Area in hectaresCountry% Correct
2,240,797France
97%
1,613,785Germany
97%
2,354,916Spain
95%
507,637Poland
94%
674,370Russia
94%
1,993,225Italy
92%
613,964Sweden
83%
669,921Austria
74%
528,752Greece
71%
540,986Czechia
66%

Score Distribution

Percentile by Number Answered

Percent of People with Each Score

Your Score History

You have not taken this quiz